000 00740nam a2200229 4500
003 LK-CoMWRAF
005 20231113142400.0
008 231028b2008 |||||||| |||| 00| 0 eng d
020 _a9781930485198
040 _aLK-CoMWRAF
_dLK-CoMWRAF
_eLK-CoMWRAF
041 _aeng
082 _a613.7046
_bBLA
100 _aBlaine, Sandy
245 _aYoga for computer users:
_bhealthy necks, shoulders, wrists, and hands in the postmodern age
260 _aBerkeley:
_bRodmell Press,
_c2008
300 _a128 p. : col. ill. ; 23 cm.
_bIndex included
490 _aRodmell Press yoga shorts
650 _aHEALTH YOGA-Therapeutic use
650 _aComputer users--Health and hygiene.
650 _aOveruse injuries--Prevention.
942 _cBK
999 _c4033
_d4033